[Event "Prague"]
[Site "Prague"]
[Date "1990.??.??"]
[Round "4"]
[White "Timman, Jan H"]
[Black "Ftacnik, Lubomir"]
[Result "1/2-1/2"]
[WhiteElo "2660"]
[BlackElo "2550"]
[Annotator "Ftacnik,L"]
[PlyCount "215"]
[EventDate "1990.08.??"]
[EventType "game"]
[EventRounds "1"]
[EventCountry "CSR"]
[SourceTitle "CBM 020"]
[Source "ChessBase"]
[SourceDate "1991.02.01"]
[SourceVersion "1"]
[SourceVersionDate "1991.02.01"]
[SourceQuality "1"]

1. d4 Nf6 2. c4 g6 3. g3 Bg7 4. Bg2 d5 5. cxd5 Nxd5 6. Nf3 Nb6 7. Nc3 Nc6 8. e3
O-O 9. O-O Re8 10. Re1 e5 11. d5 Ne7 $5 (11... Na5 12. e4 c6 13. Bg5 f6 14. Be3
Nac4 15. dxc6 Nxe3 16. Qxd8 Rxd8 17. cxb7 Bxb7 18. Rxe3 Bh6 19. Ree1 Nc4 20.
Rad1 Kf8 $44 {Karpov,A-Kasparov,G/Amsterdam/1988/}) 12. e4 Bg4 13. Qb3 (13. h3
Bxf3 14. Qxf3 c6 15. Rd1 cxd5 16. Nxd5 Nc6 17. Bd2 Nd4 18. Qd3 Nxd5 19. exd5
Qb6 20. Bc3 Rad8 $13) 13... Bxf3 (13... c6 14. Ng5 h6 15. Nxf7 $1 Kxf7 16. d6+
Be6 17. dxe7 Qxe7 18. Qc2 {/\ f4,f5+/-}) 14. Bxf3 c6 15. Be3 (15. Rd1 cxd5 16.
Nxd5 Nc6 $5 {/\ Nd4}) 15... cxd5 16. exd5 (16. Nxd5 Nexd5 17. exd5 e4 18. Bxb6
Qxb6 19. Rxe4 Rxe4 20. Bxe4 Bxb2 $10) 16... Nf5 17. Rad1 (17. Ne4 Nxd5 18. Rad1
Nd4 19. Bxd4 exd4 20. Qxb7 Rb8 21. Qxa7 Rxb2 22. Ng5 Rxe1+ 23. Rxe1 Qxg5 24.
Qa8+ Bf8 $10) 17... Nd6 (17... Nd4 $2 18. Bxd4 exd4 19. Rxe8+ Qxe8 20. Nb5 $16)
18. Nb5 Nbc8 (18... Nbc4 19. Nxd6 (19. Nxa7 $2 Qa5 $19) (19. Bxa7 Nxb5 20. Qxb5
Nd6 21. Qb6 Qd7 $17) 19... Nxd6 20. Bc5) 19. Nxd6 (19. Bc5 Bf8 20. Nxd6 Bxd6
21. Be3 Qe7 $10) 19... Nxd6 20. Bc5 Re7 (20... b6 $6 21. Bxd6 Qxd6 22. Rc1 Rac8
23. Rc6 $16) (20... Bf8 $5 21. Bxd6 Bxd6 22. Qxb7 Rb8 23. Qxa7 Rxb2 24. Rc1 Qf6
$132) (20... f5 21. Bxd6 Qxd6 22. Qxb7 e4 23. Be2 Rab8 24. Qc6 Red8 (24... Qxc6
25. dxc6 Rxb2 26. Rd7 $16) 25. b3 $16) 21. Qb4 Rd7 22. Rc1 Bh6 $6 (22... b6 23.
Bxd6 Rxd6 24. Rc6) (22... Nf5 $5 23. Qa4 (23. Bg4 b6 $1 24. Be3 Rxd5) 23... Nd4
24. Bg2 $14) 23. Rc2 Rc8 24. Bg4 $1 (24. Bd1 b6 25. Bxd6 Rxc2 26. Bxc2 Rxd6 27.
Bb3 Bg7 $10) (24. Ree2 b6 25. Bxd6 Rxc2 26. Rxc2 Rxd6 27. Rc6 Bf8) 24... f5 25.
Bd1 Bf8 (25... Ne4 26. Rxe4 $1 (26. Be7 $16) 26... fxe4 27. Bg4 Rxd5 28. Be7
Rxc2 29. Bxd8 Rc1+ 30. Kg2 Rxd8 31. Qe7 Rf8 32. Qxe5 Bg7 33. Qxe4 $16) (25...
a5 26. Qb3 e4 27. Bb6 Qf6 28. Rxc8+ Nxc8 29. Bxa5) (25... b6 26. Bxd6 Rxc2 27.
Bxc2 Rxd6 28. Rxe5 $16) 26. Bxa7 (26. Rxe5 $2 Rxc5 $1 27. Rxc5 Nf7) 26... Nc4 (
26... Rxc2 27. Bxc2 Nc8 28. Bc5 Bxc5 29. Qxc5 Rc7 30. Qa5 b6 31. Qd2 $18) 27.
d6 $1 (27. Qb3 Qa5 (27... b5 28. Be3 Rxd5 29. Be2) 28. Ree2 b5 29. Be3 Rxd5 30.
Red2) 27... Nxd6 (27... Rxd6 28. Rxc4 Rxd1 29. Rxc8 Rxe1+ 30. Qxe1 Qxc8 31.
Qxe5 Qc1+ 32. Kg2 Qc6+ 33. Kh3 $16) (27... Bxd6 28. Qb3 b5 29. Qxb5 $16) 28.
Rxc8 $1 (28. Bb6 Qf6 $14) 28... Nxc8 (28... Qxc8 $2 29. Bb3+ Kh8 30. Be6 $18)
29. Bb3+ Kh8 30. Bc5 Bg7 (30... Bxc5 31. Qxc5 e4 32. Qe5+ Rg7 33. Rd1 $18) 31.
Ba4 Rd5 32. Bb3 Rd7 33. Ba4 Rd5 34. Be3 b6 (34... Qa5 35. Qxa5 Rxa5 36. Rd1 $18
) (34... Nd6 35. Rc1) 35. Rc1 f4 (35... Bf8 36. Qc4 Bc5 37. Bb3 Ne7 (37... Bxe3
38. Qxd5 Qxd5 39. Rxc8+ $18) 38. Bg5 $1 Rd6 39. Bxe7 Qxe7 40. Qg8#) 36. Bb3 Rd7
(36... fxe3 37. Bxd5 exf2+ 38. Kxf2 $18) 37. gxf4 exf4 38. Qxf4 Bxb2 39. Rc6
Bg7 40. Be6 $2 $138 (40. Qb8 $1 Rd1+ 41. Kg2 $1 (41. Bxd1 $2 Qxd1+ 42. Kg2 Qd5+
$19) 41... Ne7 42. Qxd8+ Rxd8 43. Rxb6 $18) 40... Rd1+ 41. Kg2 Ne7 42. Rc4 $1 (
42. Rxb6 Nd5 43. Bxd5 Qxd5+ 44. Kh3 (44. f3 Qxa2+ 45. Kh3 Rd8 $10) (44. Qf3
Rg1+ 45. Kxg1 Qxf3 46. Rb8+ Bf8 47. Bh6 Qg4+ 48. Kf1 Qd1+ $10) 44... Qh5+ $10)
42... b5 (42... Nd5 43. Bxd5 Qxd5+ 44. Qe4 $16) 43. Re4 Qa8 $1 (43... Nd5 $2
44. Bxd5 Rxd5 (44... Qxd5 45. Qb8+ Qd8 46. Re8+) 45. Qf7 Re5 46. Bh6 $1 $18)
44. Qf3 Nd5 $1 (44... Rd8 45. Rb4 Nd5 46. Bxd5 Qxd5 47. Qxd5 Rxd5 48. a4) (
44... Nf5 45. Bxf5 gxf5 46. Qxf5 Rd8 47. Qe6 Rg8 48. Kh3 $16) 45. Bg5 (45. Bf7
Nxe3+ 46. fxe3 Rd8) 45... Nc3 (45... h6 $2 46. Bf7 $1 (46. Bh4 Rd3 $1) 46...
hxg5 47. Qh3+ $18 (47. Re8+ Qxe8 48. Bxe8 $4 Nf4+ 49. Kg3 Rg1+ $19)) 46. Re3
Qxf3+ 47. Kxf3 $5 (47. Rxf3 Rd6) 47... h6 (47... Bd4 48. Bb3 Bxe3 $2 49. Bf6#)
48. Bh4 (48. Bxh6 $2 Bd4 $1 49. Bb3 Bxe3 50. Bxd1 Bxh6 $19) 48... Bd4 (48... g5
49. Bg3 Rd8 50. Bb3 Ra8 51. Kg4 Nxa2 $2 52. Bd5 Ra4+ 53. Kh5) 49. Bb3 Bxe3 50.
Bf6+ Kh7 51. Bxd1 Bd2 52. Bb3 g5 53. Bf7 $6 (53. Bc2+ Kg8 54. Kg4 Kf7 55. Bd4 {
/\ Kh5|^}) 53... h5 54. h3 (54. Bxh5 Nxa2 $10) 54... Kh6 55. Bd4 Kh7 56. a3 (
56. Be3 Bxe3 57. Kxe3 Kg7 58. Bb3 Kf6 59. Kd4 b4 60. Kc4 Ke5 61. Kxb4 Nxa2+ 62.
Bxa2 Ke4 $10) 56... Nb1 57. Bb2 Bc3 58. Bxc3 (58. Bc1 Bd2) 58... Nxc3 59. Be8
Kg7 (59... Nb1 $2 60. Bxb5 Nxa3 61. Bd3+ Kg7 62. Ke4 Kf6 63. Kd5 $18) 60. Ke3
Kf6 $2 (60... Kf8 $1 61. Bc6 (61. Kd3 Nd1 $1 $10 (61... Nb1 $2 62. Bxb5 Nxa3
63. Ba6)) 61... Ke7 62. Kd3 Nd1 $10) 61. Kd4 Nd1 $8 (61... Nb1 62. Bxb5 Nxa3
63. Bd3 Ke6 64. Ke4 $1 Kf6 65. Kd5 $18) (61... Ne2+ 62. Kc5 Nf4 63. Bxb5 Nxh3
64. a4 Ke7 (64... Nxf2 65. a5 Ne4+ 66. Kc6 h4 67. a6 h3 68. Bf1 $18) 65. a5 Kd8
66. Kb6 Nf4 67. Bc4 Kc8 68. a6 Kb8 69. a7+ Ka8 70. Ka6 h4 71. Bb5) 62. f3 (62.
Bxb5 Nxf2 63. a4 Ke7 64. Kc5 Ne4+ 65. Kc6 Nc3 66. a5 Nxb5 67. Kxb5 Kd7 $10) (
62. f4 gxf4 63. Bxb5 (63. Bxh5 Ne3 64. Kc3 Nc4 $10) 63... f3 64. a4 Ke7 65. a5
Kd6 $10) (62. Bxh5 $3 Nxf2 63. Bg4 Ke7 64. Kc5 b4 (64... Ne4+ 65. Kxb5 Kd6 66.
Kc4) 65. Kxb4 (65. axb4 Nd3+ 66. Kc4 Nxb4 $10) 65... Kd6 66. Kb5 $1 Ne4 (66...
Kc7 67. Kc5 Kb7 68. Kd4 Kb6 69. Ke3 Nxh3 70. Bxh3 Ka5 71. Bd7 $18) (66... Nd3
67. Kc4 Nf4 68. Kd4 Nd5 (68... Kc6 69. Ke4 Kb5 70. h4 $1 gxh4 71. Bd7+ Ka5 72.
Kxf4 $18) 69. Ke4 Ne7 70. a4 (70. Bd1 Kc5 (70... Nd5 71. Bb3 Ne7 72. Bf7 $1 Kc5
73. Ke5 $18) 71. Bb3 Nc6) 70... Kc5 71. Ke5 Kb4 72. Kf6 Nd5+ 73. Kxg5 Kxa4 74.
h4 Kb5 75. Be6 $18) 67. Kc4 Kc7 (67... Nf6 68. Kd4 Nd5 69. Ke4) 68. Kd4 Nd6 69.
Ke5 Nc4+ 70. Kf6 Nxa3 71. Kxg5 Kd6 72. Kf6 Nb5 73. h4 Nc7 74. h5 Nd5+ 75. Kf7
Ke5 76. h6 Nf6 77. Kg6 $1 $18) 62... Nf2 63. Bxh5 (63. Bxb5 Nxh3 64. a4 Ke7 65.
Kc5 Nf4 66. a5 h4 67. Bf1 (67. a6 h3 68. a7 Ne6+ 69. Kb6 h2 70. a8=Q h1=Q $10)
67... Kd7 68. Kb6 h3 69. Bxh3+ Nxh3 70. a6 Nf4 71. a7 Nd5+ 72. Kb7 Nc7) 63...
Nxh3 64. Kc5 $2 (64. Be8 $1 Ng1 (64... Ke7 65. Bxb5 Kd6 66. Bf1 Nf4 (66... Ng1
67. Ke3 Kc5 68. Kf2 Nxf3 69. Kxf3 Kb6 70. a4 $18) 67. Ke4 Ne6 68. Bc4 Ng7 69.
Bb3 Kc5 70. Ke5 $18) 65. Ke3 (65. Ke4 Ne2 66. Ke3 Nc3 67. Kd4 Nb1 68. Bxb5 Nxa3
69. Bd3 g4 70. fxg4 Kg5 $10) 65... Ke5 66. Bxb5 Nh3 67. a4 Kd5 68. a5 Kc5 69.
Bf1 Nf4 70. Ke4 Ne6 71. a6 (71. Ke5 Nd4 72. a6 Nxf3+ 73. Ke4 Nd2+ 74. Kd3 Nc4
75. a7 Nb6 $10) 71... Kb6 72. Ke5 Nc5 73. Bc4 $1 (73. Kf5 $2 Nb3 74. Kxg5 Nd2
75. f4 Nxf1 76. f5 Ng3 $10) 73... Nd7+ 74. Kf5 Ka7 75. Bb5 $18) 64... Nf4 65.
Bg4 (65. Be8 Ne6+ 66. Kb6 Nd4 67. Bxb5 Nxf3 68. a4 g4 69. a5 g3 70. Bf1 Nd2 71.
Bg2 Nc4+ $10) 65... Ke7 66. Bf5 Kd8 67. Kxb5 (67. Kd6 Ne2) 67... Kc7 68. Be4 (
68. Kc5 Kb7 69. Kd4 Kb6 70. Ke5 Ka5 71. Kf6 Ne2 72. Kxg5 Nd4 73. f4 Ka4 74.
Bd7+ Kxa3 $10) 68... Ne2 (68... Ne6 69. a4) 69. Kc5 (69. a4 g4 $1 70. a5 g3 71.
f4 Nxf4 $10) 69... Nf4 70. a4 Ne6+ 71. Kd5 Nf4+ 72. Kc5 (72. Ke5 Kb6 73. Kf5
Ne2 $1 (73... Nh3 $2 74. Kg4 Ng1 75. Bd3 Ka5 76. Bb5 Kb6 77. Kg3 $18) 74. Kxg5
Ka5 75. Bc6 Nd4 $10) 72... Ne6+ 73. Kb5 Nd4+ 74. Kc4 Ne6 75. a5 (75. Bd5 Nf4
76. Kc5 Kb8 $1) 75... Kb8 76. Kd5 Nf4+ 77. Ke5 Ka7 78. Kf5 Ne2 $1 79. Bd3 (79.
Kxg5 Nd4 80. f4 Ne6+ 81. Kf5 Nxf4 $10) 79... Nd4+ 80. Ke4 Nb3 81. a6 Kb6 82.
Ke3 Na5 83. Kd4 Nc6+ (83... Nb3+ 84. Kc3 Na5 $2 85. Bb5 $1 $18) 84. Ke4 Nb4 85.
Be2 Nc6 86. Bc4 Nb4 87. Bb5 (87. Kf5 Nc6 88. Kxg5 Ne5 $10) 87... Nc2 88. Kd3
Ne1+ 89. Ke3 Nc2+ 90. Ke4 Ne1 91. Bd3 Ng2 92. Kd4 Ne1 93. Ke3 Ng2+ 94. Kf2 Nf4
95. Bc4 Ng6 96. Ke3 Ne5 97. Bf1 Ng6 98. Ke4 Nh4 (98... Ka7 $2 99. Kf5 Nh4+ 100.
Kg4 Kb6 101. f4 $18) 99. Be2 Ng2 100. Kf5 Ne1 101. Kg4 Nc2 102. Bd3 Nd4 103.
Kg3 Ne6 104. Kf2 Nf4 105. Bc4 Ng6 106. Bf1 Ne5 107. Be2 Ng6 108. Bd3 {Ftacnik,L
} 1/2-1/2

[Event "Olympiad-34"]
[Site "Istanbul"]
[Date "2000.11.01"]
[Round "5.1"]
[White "Moldobaev, Emelbek"]
[Black "Ye, Jiangchuan"]
[Result "0-1"]
[WhiteElo "2404"]
[BlackElo "2670"]
[Annotator "Ftacnik,L"]
[PlyCount "62"]
[EventDate "2000.10.28"]
[EventType "team-swiss"]
[EventRounds "14"]
[EventCountry "TUR"]
[SourceTitle "EXT 2001"]
[Source "ChessBase"]
[SourceDate "2000.11.22"]
[SourceVersion "1"]
[SourceVersionDate "2000.11.22"]
[SourceQuality "1"]
[WhiteTeam "Kyrgyzstan"]
[BlackTeam "China"]
[WhiteTeamCountry "KGZ"]
[BlackTeamCountry "CHN"]

1. Nf3 Nf6 2. c4 g6 3. g3 Bg7 4. Bg2 O-O 5. d4 d5 6. cxd5 Nxd5 7. O-O Nb6 8.
Nc3 Nc6 9. d5 Na5 10. Qc2 Nxd5 11. Rd1 c6 12. Ne1 Bd7 13. Nxd5 cxd5 14. Rxd5 e6
15. Rd3 Qc8 16. Qxc8 Bxc8 17. Rb1 Rb8 18. Bd2 (18. b3 $5 Nc6 19. Ba3 $14) 18...
Nc6 19. Bc3 e5 (19... Bxc3 20. Rxc3 e5 21. Rbc1 $14) 20. Rbd1 Bg4 21. Bf3 $2 {
[%mdl 8192] Black was fighting for the equality, but after this tactical
oversight the tables are turned.} (21. R1d2 Nd4 22. e3 Ne2+ 23. Kf1 Nxc3 24.
Rxc3 $14) 21... e4 $1 22. Bxg7 Kxg7 23. Bxg4 (23. Bxe4 Bxe2 $19) 23... exd3 24.
Nxd3 Rbd8 25. Bf3 (25. Rc1 Rd6 26. Kg2 b6 $17) 25... Rd6 26. Kf1 (26. Rc1 Nd4
$1 27. Ne1 Nxf3+ 28. Nxf3 Rd7 $17) 26... b6 27. Rc1 Nd4 28. Bb7 Re8 {One white
pawn is not enough for the missing exchange.} 29. e3 (29. Re1 Re7 $17) 29...
Re7 30. Ba6 (30. exd4 Rxb7 $19) 30... Ne6 31. Rc8 $2 (31. Ke2 $142 $17) 31...
Nc7 $1 0-1

[Event "Candidates Tournament"]
[Site "Kazan"]
[Date "2011.05.25"]
[Round "3.6"]
[White "Gelfand, Boris"]
[Black "Grischuk, Alexander"]
[Result "1-0"]
[WhiteElo "2733"]
[BlackElo "2747"]
[Annotator "Gelfand,B"]
[PlyCount "69"]
[EventDate "2011.05.05"]
[EventType "k.o."]
[EventRounds "3"]
[EventCountry "RUS"]
[SourceTitle "CBM 143"]
[Source "ChessBase"]
[SourceDate "2011.07.15"]
[SourceVersion "1"]
[SourceVersionDate "2011.07.15"]
[SourceQuality "1"]

{This was the decisive game of the final candidates match. After few
unsuccessful attempts in the English Opening, I decided to try my luck in the
g3-system of the Grünfeld Defence.} 1. d4 Nf6 2. c4 g6 3. Nf3 Bg7 4. g3 d5 {
Alexander has chosen the most popular system. He had also tried the c6, d5
setup of the King's Indian or transposed to Benoni Systems by 4...c5 during
recent years.} 5. cxd5 Nxd5 6. Bg2 Nb6 7. Nc3 Nc6 8. e3 O-O 9. O-O Re8 10. Re1
a5 11. Qe2 {We had quickly reached the modern tabiya of this system.} Bg4 {
The computer prefers this move, even though it is not very logical. h3 is more
likely to be a useful move, rather than a weakness.} (11... Bf5 12. Rd1 a4 13.
d5 Na5 14. Nd4 Nac4 15. Nxf5 gxf5 16. Qc2 {and White was clearly better in
Gelfand,B-Topalov,V blind/Monaco 2011.}) (11... Be6 {is the most popular and
brought Black a few exciting victories during the last Olympiad in
Khanti-Mansiysk.}) (11... e5 {leads to another type of position.}) 12. h3 Be6
13. b3 $1 {This is a novelty which we prepared and it came as a surprise to my
opponent.} (13. Nd2 Nb4 14. Rd1 Qc8 {This short variation illustrates very
well the idea behind ...Bg4 - Black is preparing ...c5 with tempo.}) ({In
earlier games} 13. Rd1 {was tried with a complicated game after both} Bc4 14.
Qc2 Nb4 15. Qb1 a4 ({and} 15... Qc8 16. a3 N4d5 17. Nd2 Nxc3 18. bxc3 Bd5 19.
e4 Bc6 20. Qd3 Ba4 21. Re1 c5 {0-1 Leitao,R (2624)-Wang Yue (2732)/Khanty
Mansiysk 2010/CBM 139 (67)}) 16. e4 c5 17. dxc5 Bd3 18. Rxd3 Qxd3 19. cxb6 Qxb1
20. Rxb1 Bxc3 21. a3 Red8 22. Bg5 Bf6 23. Bxf6 exf6 24. axb4 Rd3 {1/2-1/2
Blagojevic,D (2481)-Zhou Jianchao (2660)/Khanty Mansiysk 2010/CBM 139 (32)})
13... a4 14. Rb1 {Of course it seems that opening of the a-file is in Black's
favour. However I took into consideration that there are no squares to invade
on the a-line. My idea was to block the Be6 from both sides by the h3- and
b3-pawns. The B is poorly placed on e6 as there it prevents the liberating
breakthrough ...e7-e5 and thus the Re8 also cannot join the battle.} axb3 15.
axb3 Qc8 16. Kh2 ({Also possible was} 16. g4 $5 {but I was reluctant to weaken
my position.}) 16... Ra5 {Alexander decided to move the R into attack to h5
and try to use the slightly weakened position of my K.} ({Other options were} 
16... Na5) ({and} 16... Rd8) 17. Rd1 {After long consideration I allowed the R
transfer, as I found the defensive idea Nh4 and f4.} ({I had also considered} 
17. Nb5 Nb4 $1 (17... Bf5 18. Bd2 $1 Bxb1 19. Bxa5 Be4 20. Bxb6 cxb6 21. Nd2
Bxg2 22. Kxg2 $14 {leaves White with some edge}) 18. Bd2 {However, probably
White is slightly better after} c6 19. Nc3 (19. Na7 Rxa7 20. Bxb4 Nd5 {but I
assessed this position as equal.}) 19... Rh5 20. h4 Bg4 21. Na4 Nxa4 22. bxa4
Na6 23. Qd3 $14) (17. g4 {was possible here as well, but I liked the game
continuation.}) 17... Rh5 ({I was more worried about} 17... Rd8 {. The idea is
to try to force White to make some not very useful move.} 18. b4 $5 Rh5 19. Nh4
{but I still like White's position, for example} Bf6 (19... Nd5 20. Bd2 $5
Ncxb4 (20... Ndxb4 21. Nb5 Nd5 (21... Na6 22. Bxc6 bxc6 23. Na7 Qd7 24. Qxa6
Bd5 25. Qe2 $16) 22. e4 Nb6 23. d5 Nxd5 24. exd5 Bxd5 $14 {with hardly
sufficient compensation for the piece}) 21. Nxd5 Nxd5 22. e4 Nf6 23. d5 Bd7 24.
Bf3 {and White is clearly better}) 20. Bf3 Rxh4 (20... Bc4 21. Qc2 Rh6 22. b5
Na5 23. e4 Rxh4 24. gxh4 Rxd4 (24... Bxd4 25. Bg4 $14) 25. Bf4 $14) (20... Rh6
21. d5 Bxc3 22. dxe6 Qxe6 23. Rxd8+ Nxd8 24. Qd3 Qa2 25. Qxd8+ Kg7 26. Bd2 Qxd2
27. Qxd2 Bxd2 28. Bxb7 Bc3 29. Nf3 $14 {Black still needs to solve the
problems of his rook.}) 21. gxh4 Bxh3 {with compensation for the exchange.})
18. Nh4 $1 Bf6 19. f4 $1 {I liked the fact that ...e7-e5 is prevented forever.}
({Another possible continuation was} 19. Bf3 Rxh4 $5 (19... Ra5 20. Ng2 $1 Bxh3
(20... Bf5 21. b4 Ra8 22. b5) 21. b4 Ra8 22. Nf4 (22. g4 $5 Bxg2 23. Kxg2 $44)
22... Bf5 $5 23. b5 Nxd4 (23... Na5 24. e4 Bd7 25. Nfd5) 24. exd4 Bxb1 25. Nxb1
{and White is better}) 20. gxh4 Bxh3 $5 {with certain compensation for the
exchange. It is hard to say for whom it is easier to play this position.}) (19.
d5 Bxc3 20. dxe6 Qxe6 21. e4 Ra5 {doesn't provide White with sufficient
compensation.}) 19... Rd8 (19... Bxh4 $2 20. gxh4 Rxh4 $2 21. Kg3 $1 Rh5 22. d5
Bxh3 23. Bf3 {was bad.}) 20. Qf2 {I had improved the position of my Q and
overprotected the d4-pawn, thus ensuring that if the Bf6, Nc6 or Rd8 were to
leave its place White would be able to play e3-e4, which is obviosly his dream
in this position.} ({Meanwhile, White had the interesting tactical possibility
} 20. f5 $5 Bd7 $5 (20... Bxf5 21. Nxf5 Rxf5 22. b4 $1 $44 {and White is going
to win an exchange, as the Rf5 is trapped}) (20... Rxh4 21. fxe6) 21. b4 Rxh4
22. gxh4 Bxf5 23. b5 $1 Na5 24. e4 Be6 25. e5 Bg7 26. d5 Bf5 27. Rb4 $14 {
and White's chances seem preferable to me.}) (20. Bf3 Ra5) {This is the
critical position, where Black had a big choice.} 20... Bxh4 $2 {Very natural,
but not the best decision.} (20... Ra5 {this move looks strange as the R just
went to h5 and is returning back now. White has a slight advantage after both}
21. g4 $5 ({or} 21. b4 Ra8 22. b5 Na5 23. e4 Bb3 24. Rd2 Qd7 25. Nf3 e6 26. Ne5
) 21... Nb4 22. Qg3 Na2 23. Ne4 $14) ({Engines suggest that the immediate} 
20... Nd5 $5 {was better:} 21. Nxd5 (21. Ne2 Bxh4 22. gxh4 f5 23. Bf3 Rh6 24.
Qg2 {is another option, where the position remains very unclear, but it is
easier to play with White}) 21... Rhxd5 ({or the engines' choice} 21... Rdxd5 {
when after the most natural} 22. Bf3 Bxh3 23. e4 Rxd4 24. Bxh5 gxh5 25. Rxd4
Nxd4 26. b4 $16 {White is clearly better}) 22. Bb2 (22. Bxd5 Bxd5 23. Nf3 Qe6 {
with full compensation for the exchange}) (22. Qe2 Bxh4 23. gxh4 f5) 22... Rb5
23. Qe2 Rh5 24. Bf3 Ra5 25. Bc3 Ra8 {However the maneouvre
Ra5-h5-d5-b5-h5-a5-a8 would be unlikelyto cross the mind of any human being
and I have no interest whatsoever in arguing with an engine.} {still after
simple} 26. Bg2 {White is better.}) (20... Nb4 {leads to a passive position,
where White has some advantage.} 21. e4 c5 22. Ne2 (22. Be3 cxd4 23. Rxd4 Bxd4
24. Bxd4 Nd3 25. Qe3 Rxd4 26. Qxd4 Nxf4) 22... cxd4 23. Nxd4 Nc6 24. Be3 Nxd4
25. Bxd4 Rxd4 26. Rxd4 Bxd4 27. Qxd4 $14) 21. gxh4 Nd5 22. Nxd5 Rhxd5 {Black
is trying to prevent e3-e4.} (22... Bxd5 $2 {loses a piece after} 23. e4) 23.
Bb2 $1 ({The tricky} 23. e4 $5 {was also possible, but hardly stronger than 23.
Bb2,} {after} Rxd4 24. Rxd4 Rxd4 25. f5 Bd7 26. h5 f6 $1 $14 {White's
advantage is not so big.}) ({Obviously that Black can only be better after} 23.
Bxd5 $2 Bxd5) 23... Rb5 $2 {I was surprised by this weak move} (23... f5 $5 {
was the only chance} 24. h5 $1 {with a strong attack would follow, for example}
Kf7 25. Bf3 Qd7 26. Qh4 Rg8 27. Rg1 Ke8 28. Ra1 $1) ({Some commentator had
suggested} 23... Qd7 24. e4 {then} Rxd4 25. Bxd4 Nxd4 {but after} 26. b4 c6 27.
h5 {Black's position is bad.}) 24. Qe2 ({I realised that my position is won
and was choosing between 2 options:} 24. e4 {was also strong} Bxb3 (24... Rxb3
25. Ba1 $1 (25. d5 Bxh3 26. dxc6 Bxg2 27. Qxg2 bxc6 28. Ba1 $16) 25... Na5 26.
d5 $18) 25. Rdc1 e6 (25... Ba2 26. Ra1 Nb4 27. Bf1) (25... Na5 26. Bf1 Rb6 27.
d5) 26. Ba1 Qa8 27. d5 $18) 24... Rh5 (24... Rxb3 $2 25. d5) 25. e4 Bxb3 (25...
Rxh4 {is 'as usual' answered by} 26. Kg3 $1 $18) 26. Rdc1 Na5 (26... Qe6 27.
Qf3) (26... e6 27. Qd3) 27. d5 {White has reached his dream position. Black is
helpless.} b6 28. Be5 c5 29. dxc6 ({I had also considered} 29. Qb5 $1 $18 {
but decided to calculate one line till the end and follow it. Of course, there
are few ways to win in such a position.}) 29... f6 30. Ba1 ({Or} 30. c7 Rd7 31.
Qb5) 30... Rc5 31. Rxc5 bxc5 32. Qb5 ({Or} 32. e5 Qf5 (32... Bc4 33. Qe3 Nxc6
34. Qxc5) (32... Bd5 33. Bxd5+ Rxd5 34. exf6 (34. Qa2 $2 c4) 34... exf6 35. Rb8
$18) 33. c7 Rc8 34. exf6 exf6 35. Qe7 $18) 32... Qc7 ({Black's last practical
chance was} 32... Ba2 $1 {but after} 33. Rb2 $1 Qc7 34. e5 $1 Be6 35. Qb6 Qxb6
(35... Rc8 36. Qxc7 Rxc7 37. Rb7 $1 {I had finished my calculation here}) 36.
Rxb6 Rc8 {I would have to find} 37. f5 $1 {which leads to a forced win,
although probably White can win by other ways too.} gxf5 (37... Nc4 38. Rb7
gxf5 39. Rxe7) (37... Bxf5 38. Bc3 $18) 38. c7 Kf7 39. Bf3 Nb3 40. Bh5+ Kf8 41.
Rxe6 Nxa1 42. exf6 Rxc7 43. f7 $18 {Black is losing his knight!} Nc2 (43... Rc8
44. Re1 Nc2 45. Rg1) 44. Rh6) 33. Rxb3 Nxc6 ({Or} 33... Nxb3 34. Qxb3+ {
followed by 35.e5.}) (33... Qxf4+ 34. Rg3 Nxc6 35. Qxc6 Rd3 36. Qe8+ (36. Qe6+
Kf8 37. Qg4 {is also good}) 36... Kg7 37. Qxe7+ Kh6 38. Be5 $1 {I wanted to
make this final touch, but my opponent didn't allow me.}) 34. e5 Nd4 35. Qc4+ {
And Alexander warmly congratulated me with on victory in the match and in the
cycle.} 1-0

[Event "Oslo"]
[Site "Oslo"]
[Date "1992.??.??"]
[Round "4"]
[White "Gronn, Atle"]
[Black "Hellers, Ferdinand"]
[Result "0-1"]
[WhiteElo "2310"]
[BlackElo "2510"]
[Annotator "Gronn,A"]
[PlyCount "88"]
[EventDate "1992.04.??"]
[EventType "tourn"]
[EventRounds "9"]
[EventCountry "NOR"]
[EventCategory "9"]
[SourceTitle "CBM 030"]
[Source "ChessBase"]
[SourceDate "1992.10.01"]
[SourceVersion "1"]
[SourceVersionDate "1992.10.01"]
[SourceQuality "1"]

1. Nf3 Nf6 2. c4 g6 3. g3 Bg7 4. Bg2 O-O 5. d4 d5 6. cxd5 Nxd5 7. O-O Nb6 8.
Nc3 Nc6 9. e3 Re8 10. Qe2 e5 11. dxe5 Nxe5 12. Nxe5 Bxe5 13. Rd1 Qe7 14. e4 c6
15. f4 Bg7 16. Be3 Be6 17. Qf2 (17. e5 {hadde vært bedre.}) 17... Rad8 18. Bc5
Qc7 19. e5 f6 20. Bd6 Qf7 21. exf6 Bxf6 22. Bc5 Bg4 23. Rxd8 Rxd8 24. Ne4 Bg7
25. h3 Na4 $1 26. Nd6 Qc7 27. hxg4 Nxc5 28. Qxc5 Qxd6 29. Qc4+ (29. Qxd6 Rxd6
30. Re1 $10) 29... Kh8 30. Kh2 g5 31. fxg5 Be5 32. Qb3 Qd2 33. Rf1 Qxg5 34. Rf5
Qh4+ 35. Kg1 Bd4+ 36. Kf1 Qh2 37. Be4 Re8 38. Qf3 Qg1+ 39. Ke2 Bg7 40. Rh5 $2 (
40. Qe3 $10) 40... Qd4 41. Rxh7+ Kg8 42. Qb3+ {[#]} Qd5 $1 43. Rxg7+ Kxg7 44.
Qc3+ Kg8 0-1